| 000 | 00426nam a2200169 a 4500 | ||
|---|---|---|---|
| 001 | 3466 | ||
| 003 | CDMR | ||
| 005 | 20130927115125.0 | ||
| 008 | 130130s1974||||||||||||||||||||||||||||d | ||
| 040 |
_aCDMR _bcat _cCDMR |
||
| 100 | 1 |
_aYerro Belmonte, Marino _91236 |
|
| 245 | 1 | 0 | _aSociología de la imagen |
| 260 |
_aMadrid _c1974 _bOrganización Sala |
||
| 300 | _a197 p. | ||
| 650 | 0 | 4 |
_93737 _aComunicació visual |
| 942 |
_cMON _2udc |
||
| 999 |
_c3466 _d3466 |
||